[Event "Tourn. n10272"]
[Site "www.echecsemail.com"]
[Date "2020.01.18"]
[Round "1"]
[White "Diselman"]
[Black "Roque1"]
[WhiteElo "1750"]
[BlackElo "1850"]
[Result "0-1"]
[Round "1"]
1.b3 e5
2.Bc1b2 Nb8c6
3.e3 Bf8b4
4.Ng1f3 d6
5.a3 Bb4a5
6.b4 Ba5b6
7.c4 Ng8f6
8.d4 Bc8g4
9.c5 dxc5
10.dxc5 Qd8xd1
11.Kxd1 Bb6xc5
12.bxc5 Nf6e4
13.Ke1 O-O-O
14.Nf3xe5 Rd8d1

0-1

[Event "Match"]
[Site "www.echecsemail.com"]
[Date "2020.01.18"]
[Round "1"]
[White "Churrasca"]
[Black "Ericleo1980"]
[WhiteElo "2070"]
[BlackElo "1970"]
[Result "1-0"]
[Round "1"]
1.e4 c5
2.Ng1f3 d6
3.d4 cxd4
4.Nf3xd4 Ng8f6
5.Nb1c3 a6
6.Bf1e2 e6
7.Bc1e3 b5
8.a3 Bc8b7
9.Be2f3 Qd8c7
10.O-O h6
11.Bf3h5 Qc7d7
12.f4 Nb8c6
13.Bh5f3 Ra8c8
14.Nd4b3 Bf8e7
15.Qd1e1 Qd7c7
16.Ra1d1 O-O
17.Qe1g3 b4
18.axb4 Nc6xb4
19.Rd1d2 Nb4c6
20.e5 Nf6d7
21.exd6 Be7xd6
22.Rf1d1 Bd6xf4
23.Be3xf4 Qc7b6
24.Kh1 Nd7f6
25.Bf4xh6 Nf6e8
26.Bh6xg7 Ne8xg7
27.Nc3e4 f5
{ time. }
1-0

[Event "Tourn. n10268"]
[Site "www.echecsemail.com"]
[Date "2020.01.18"]
[Round "1"]
[White "Cal"]
[Black "Iko"]
[WhiteElo "1700"]
[BlackElo "1790"]
[Result "1-0"]
[Round "1"]
1.Nb1c3 e5
2.a3 Nb8c6
3.e4 Ng8f6
4.h3 d6
5.d3 Bc8e6
6.b4 a5
7.Ng1f3 axb4
8.Nc3b5 Qd8e7
9.a4 Nc6d4
10.Bc1b2 c6
11.Nb5xd4 exd4
12.Bf1e2 h5
13.Bb2xd4 c5
14.Bd4e3 Ra8a5
15.O-O Qe7d7
16.Qd1d2 Ra5xa4
17.Ra1xa4 Qd7xa4
18.Nf3g5 g6
19.f4 b3
20.cxb3 Be6xb3
21.Rf1b1 b5
22.Qd2c3 Qa4a2
23.Rb1xb3 Qa2xe2
24.Qc3xf6 Qe2xe3
25.Kh2 c4
26.Qf6xf7 Kd8
27.Ng5e6 Kc8
28.Qf7c7 
1-0

[Event "Tourn. n10259"]
[Site "www.echecsemail.com"]
[Date "2020.01.18"]
[Round "1"]
[White "Gambittiger"]
[Black "Fereike"]
[WhiteElo "1819"]
[BlackElo "1670"]
[Result "1-0"]
[Round "1"]
1.d4 d5
2.Ng1f3 Ng8f6
3.Bc1g5 e6
4.e3 Bf8e7
5.Nb1d2 O-O
6.Bf1d3 Nb8d7
7.O-O c6
8.c3 b6
9.a4 c5
10.Qd1b1 h6
11.Bg5f4 Bc8b7
12.Nf3e5 Nd7xe5
13.Bf4xe5 cxd4
14.exd4 Be7d6
15.f4 Qd8e7
16.Rf1f3 Bd6xe5
17.fxe5 Nf6e4
18.Nd2xe4 dxe4
19.Bd3xe4 Bb7xe4
20.Qb1xe4 Kh8
21.Ra1f1 Kg8
22.Rf3xf7 Qe7xf7
23.Rf1xf7 { resign }
1-0

[Event "Tourn. n10276"]
[Site "www.echecsemail.com"]
[Date "2020.01.18"]
[Round "1"]
[White "Aders1"]
[Black "Scasan55"]
[WhiteElo "2259"]
[BlackElo "2030"]
[Result "1-0"]
[Round "1"]
1.Ng1f3 e6
2.g3 d5
3.Bf1g2 Nb8c6
4.O-O Bf8d6
5.d3 Ng8f6
6.Nb1d2 O-O
7.e4 d4
8.c3 e5
9.cxd4 exd4
10.Qd1a4 a6
11.Nf3xd4 Nc6xd4
12.Qa4xd4 Rf8e8
13.Nd2c4 Bd6b4
14.Qd4xd8 Re8xd8
15.Rf1d1 Bc8g4
16.f3 Bg4e6
17.Bc1e3 Nf6d7
18.Be3f4 Ra8c8
19.Ra1c1 b5
20.a3 Bb4e7
21.Nc4a5 c5
22.d4 Be6b3
23.Na5xb3 c4
24.Nb3a5 g5
25.Bf4e3 c3
26.Rc1xc3 Rc8xc3
27.bxc3 Be7xa3
28.Be3xg5 Rd8c8
29.Bg2h3 Rc8c7
30.Bh3xd7 Rc7xd7
31.Na5c6 Kg7
32.Rd1a1 Ba3b2
33.Ra1xa6 Bb2xc3
34.Ra6b6 b4
35.Bg5e3 Rd7c7
36.d5 Kf6
37.Nc6xb4 Kg7
38.Rb6c6 { resign }
1-0

[Event "Tourn. n10192"]
[Site "www.echecsemail.com"]
[Date "2020.01.18"]
[Round "1"]
[White "Fereike"]
[Black "Karanas"]
[WhiteElo "1820"]
[BlackElo "1499"]
[Result "1-0"]
[Round "1"]
1.e4 e5
2.Ng1f3 Nb8c6
3.Bf1b5 a6
4.Bb5a4 Ng8f6
5.O-O Bf8e7
6.Rf1e1 b5
7.Ba4b3  { time }
1-0

[Event "Tourn. n10275"]
[Site "www.echecsemail.com"]
[Date "2020.01.18"]
[Round "1"]
[White "Seger"]
[Black "Apdash"]
[WhiteElo "2810"]
[BlackElo "2250"]
[Result "1-0"]
[Round "1"]
1.e4 e5
2.Ng1f3 Nb8c6
3.Bf1b5 d6
4.c3 Bc8d7
5.d4 exd4
6.cxd4 a6
7.Bb5a4 h6
8.O-O Ng8f6
9.Nb1c3 Bf8e7
10.h3 O-O
11.Ba4c2 Nc6b4
12.Bc2b1 Nf6h7
13.a3 Nb4c6
14.Bc1e3 Nh7g5
15.Nf3d2 Be7f6
16.f4 Ng5h7
17.e5 dxe5
18.dxe5 Nc6xe5
19.fxe5 Bf6xe5
20.Nd2c4 Be5xc3
21.Qd1c2 Nh7f6
22.Rf1xf6 { resign }
1-0

[Event "Match"]
[Site "www.echecsemail.com"]
[Date "2020.01.18"]
[Round "1"]
[White "Virgil08bv"]
[Black "Gvladutz"]
[WhiteElo "2720"]
[BlackElo "2460"]
[Result "0-1"]
[Round "1"]
1.e4 e6
2.d4 d5
3.Nb1d2 c5
4.exd5 Qd8xd5
5.Ng1f3 cxd4
6.Bf1c4 Qd5d6
7.O-O Ng8f6
8.Nd2b3 Nb8c6
9.Nb3xd4 Nc6xd4
10.Nf3xd4 Bc8d7
11.c3 Qd6c7
12.Qd1e2 Bf8d6
13.Nd4b5 Bd7xb5
14.Bc4xb5 Ke7
15.g3 Rh8d8
16.Rf1e1 Ra8c8
17.Qe2f3 a6
18.Bb5f1 Qc7c6
19.Qf3xc6 Rc8xc6
20.Bf1g2 Rc6c7
21.Bc1e3 Bd6c5
22.Be3xc5 Rc7xc5
23.Bg2xb7 Rd8b8
24.Bb7xa6 Rb8xb2
25.a4 Rc5xc3
26.a5 Rc3c2
27.Re1b1 Rc2xf2
28.Ba6b7 Rb2xb1
29.Ra1xb1 Rf2a2
30.a6 Nf6d7
31.Bb7c8 Nd7c5
32.Rb1b6 g5
33.Rb6c6 Nc5d3
34.Rc6c7 Kd8
35.Rc7c4 Nd3e5
36.Rc4c3 h5
37.Bc8b7 Kd7
38.h4 gxh4
39.gxh4 f5
40.Rc3c8 Ne5g6
41.Rc8a8 Kd6
42.a7 Ke5
43.Bb7d5 exd5
44.Ra8e8 Kf4
45.a8Q Ra2xa8
46.Re8xa8 Ng6xh4
47.Ra8a4 Kg3
48.Ra4a3 Nh4f3
49.Kf1 Kf4
50.Ra3a2 Nf3g5
51.Ra2f2 Ke5
52.Rf2g2 Ng5e4
53.Rg2g8 Kf4
54.Rg8d8 Ne4f6
55.Rd8f8 Ke5
56.Ke2 Nf6e4
57.Ke3 d4
58.Kd3 h4
59.Rf8e8 Kf4
60.Re8h8 h3
61.Kxd4 Ne4g5
62.Kd3 Kg3
63.Rh8g8 Kg4
64.Rg8h8 Ng5f3
65.Rh8g8 Kf4
66.Ke2 h2
67.Rg8h8 Kg3
68.Rh8g8 Kh3
69.Kf2 h1Q
70.Rg8g3 Kh4
{ resign }
0-1

[Event "Tourn. n10262"]
[Site "www.echecsemail.com"]
[Date "2020.01.18"]
[Round "1"]
[White "Picifarkinca"]
[Black "Amaya"]
[WhiteElo "1870"]
[BlackElo "2030"]
[Result "0-1"]
[Round "1"]
1.e4 e6
2.d4 d5
3.exd5 exd5
4.h3 Ng8f6
5.Ng1f3 Bf8d6
6.c4 c6
7.Nb1c3 O-O
8.c5 Bd6c7
9.Bf1d3 Rf8e8
10.Bc1e3 Re8xe3
11.fxe3 Bc7g3
12.Kd2 Nb8a6
13.Bd3xa6 bxa6
14.Qd1e2 Qd8a5
15.Qe2d3 Nf6e4
16.Ke2 Ne4xc3
17.Qd3xc3 Qa5b5
18.Kd2 Bc8f5
19.a4 Qb5b7
20.b3 Qb7e7
21.Ra1b1 Bf5xb1
22.Rh1xb1 Ra8e8
23.Nf3e1 Bg3f2
24.Ne1c2 Qe7e4
25.Qc3d3 Qe4xg2
26.Kc3 a5
27.Nc2e1 Qg2xh3
28.Ne1c2 Bf2xe3
{ resign }
0-1

[Event "Fast Game"]
[Site "www.echecsemail.com"]
[Date "2020.01.18"]
[Round "1"]
[White "Esperanza"]
[Black "Apdash"]
[WhiteElo "1850"]
[BlackElo "1950"]
[Result "0-1"]
[Round "1"]
1.d4 d5
2.Bc1f4 Ng8f6
3.h3 Bc8f5
4.e3 e6
5.Ng1f3 Nb8d7
6.c4 Bf8d6
7.Bf4g5 Bd6e7
8.c5 c6
9.Nb1c3 O-O
10.b4 h6
11.Bg5f4 a5
12.a3 b6
13.Bf1e2 Ra8a7
14.O-O Nf6e4
15.Nc3xe4 dxe4
16.Nf3d2 Kh7
17.Nd2c4 bxc5
18.dxc5 Be7f6
19.Ra1c1 axb4
20.axb4 Qd8a8
21.Bf4d6 Rf8d8
22.Qd1b3 { time. }
0-1

[Event "Tourn. n10285"]
[Site "www.echecsemail.com"]
[Date "2020.01.19"]
[Round "1"]
[White "Aders1"]
[Black "Apdash"]
[WhiteElo "2330"]
[BlackElo "2260"]
[Result "1-0"]
[Round "1"]
1.Ng1f3 Ng8f6
2.g3 e6
3.Bf1g2 d5
4.O-O Bf8c5
5.d3 Nb8d7
6.Nb1d2 O-O
7.e4 dxe4
8.Nd2xe4 Bc5b6
9.a4 a5
10.Qd1e2 Nf6xe4
11.dxe4 h6
12.b3 Qd8f6
13.e5 Qf6e7
14.Bc1a3 Bb6c5
15.Ba3xc5 Qe7xc5
16.Ra1d1 Nd7b6
17.c4 Bc8d7
18.Rd1d3 Bd7c6
19.Rf1d1 Qc5e7
20.Qe2d2 Rf8c8
21.Nf3d4 Bc6xg2
22.Kxg2 Kf8
23.Nd4b5 Ke8
24.Qd2f4 Rc8d8
25.Qf4g4 Kf8
26.Qg4e4 Rd8xd3
27.Rd1xd3 Ra8b8
28.Qe4h7 Ke8
29.Qh7xg7 Rb8c8
30.Qg7xh6 Nb6d7
31.Qh6h8 Nd7f8
32.h4 Rc8d8
33.Rd3xd8 Qe7xd8
34.h5 Kd7
35.h6 Nf8g6
36.Qh8xd8 Kxd8
37.f4 b6
38.Kf3 c6
39.Nb5d6 Ng6f8
40.Nd6xf7 { resign }
1-0

[Event "Tourn. n10217"]
[Site "www.echecsemail.com"]
[Date "2020.01.19"]
[Round "1"]
[White "Picifarkinca"]
[Black "Osopanda"]
[WhiteElo "1570"]
[BlackElo "1630"]
[Result "1-0"]
[Round "1"]
1.e4 c5
2.Nb1c3 Nb8c6
3.Ng1e2 e6
4.g3 d5
5.exd5 exd5
6.d4 cxd4
7.Ne2xd4 Bf8b4
8.Nd4xc6 bxc6
9.Bc1d2 Bc8e6
10.Bf1g2 Ng8f6
11.O-O O-O
12.Rf1e1 Ra8c8
13.Nc3e2 Bb4xd2
14.Qd1xd2 Qd8b6
15.c3 c5
16.Ne2f4 Rf8e8
17.Nf4xd5 Nf6xd5
18.Bg2xd5 Be6xd5
19.Qd2xd5 Re8xe1
20.Ra1xe1 Kf8
21.b3 Qb6f6
22.Qd5e5 Qf6xe5
23.Re1xe5 f6
24.Re5e2 Kf7
25.Kg2 a5
26.Re2d2 c4
27.Rd2c2 cxb3
28.axb3 Ke6
29.Kf3 h5
30.Ke3 Ke5
31.f3 g5
32.h3 f5
33.f4 gxf4
34.gxf4 Kd5
35.Kd3 Rc8g8
36.Rc2e2 Rg8g3
37.Re2e3 Rg3g1
38.Ke2 Rg1b1
39.c4 Kd4
40.Re3d3 Ke4
41.Rd3c3 Kxf4
42.c5 Rb1b2
43.Ke1 Ke4
44.c6 Rb2g2
45.c7 f4
46.c8Q { resign }
1-0

[Event "Match"]
[Site "www.echecsemail.com"]
[Date "2020.01.19"]
[Round "1"]
[White "Apdash"]
[Black "Chapi"]
[WhiteElo "2250"]
[BlackElo "2090"]
[Result "0-1"]
[Round "1"]
1.e4 c5
2.Ng1f3 Nb8c6
3.d4 cxd4
4.Nf3xd4 Ng8f6
5.Nb1c3 d6
6.Bf1c4 g6
7.O-O Bf8g7
8.Bc1e3 O-O
9.Qd1d2 Nc6e5
10.Bc4b3 a6
11.h3 b5
12.f4 Ne5d7
13.Bb3d5 Nf6xd5
14.Nc3xd5 Bc8b7
15.c3 Nd7c5
16.Qd2c2 e6
17.b4 Nc5xe4
18.Qc2xe4 Bb7xd5
19.Qe4c2 Ra8c8
20.Qc2d2 e5
21.fxe5 dxe5
22.Nd4b3 Bd5c4
23.Rf1d1 Qd8xd2
24.Rd1xd2 Rf8d8
25.Ra1d1 Rd8xd2
26.Be3xd2 Rc8d8
27.Kf2 e4
28.Ke1 f5
29.Rd1c1 Bc4xb3
30.axb3 Rd8xd2
31.Kxd2 Bg7h6
32.Kc2 Bh6xc1
33.Kxc1 Kf7
34.c4 bxc4
35.bxc4 Ke6
36.Kd2 g5
37.Ke3 h5
38.Kd4 Kd6
39.c5 Kc6
40.Kc4 e3
41.Kd3 f4
42.Ke2 a5
43.bxa5 Kxc5
44.g3 Kb5
45.h4 fxg3
46.Kxe3 gxh4
47.Kf3 Kxa5
48.Kg2 Kb4
49.Kh3 Kc3
50.Kg2 Kd3
51.Kf3 Kd4
52.Kg2 Ke4
53.Kh3 Kf3
54.Kxh4 g2
55.Kxh5 g1Q
56.Kh6 Kf4
{ resign }
0-1

[Event "Match"]
[Site "www.echecsemail.com"]
[Date "2020.01.19"]
[Round "1"]
[White "Eeze"]
[Black "Sonny1000"]
[WhiteElo "1670"]
[BlackElo "1590"]
[Result "1-0"]
[Round "1"]
1.e4 e5
2.Ng1f3 f6
3.Nf3xe5 fxe5
4.Qd1h5 Ke7
5.Qh5xe5 Kf7
6.Bf1c4 d5
7.Bc4xd5 Kg6
8.Bd5xb7 Qd8g5
9.Qe5e8 Kh6
10.Bb7xa8 Qg5xg2
11.d3 g5
12.Qe8xf8 Kh5
13.Qf8f7 Kg4
14.Rh1f1 Kh4
15.Qf7g7 Qg2f3
16.Bc1xg5 Kh5
17.Qg7xh8 Kxg5
18.Qh8xg8 Kh6
19.Qg8xc8 Qf3f6
20.Rf1g1 Qf6h4
21.Qc8e6 Kh5
22.Qe6f7 Kh6
23.Qf7g7 Kh5
24.Qg7xh7 { resign }
1-0

[Event "Match"]
[Site "www.echecsemail.com"]
[Date "2020.01.19"]
[Round "1"]
[White "Llord"]
[Black "Karanas"]
[WhiteElo "1900"]
[BlackElo "1499"]
[Result "1-0"]
[Round "1"]
1.e4 e5
2.Ng1f3 Nb8c6
3.Bf1c4 Ng8f6
4.Nb1c3 Bf8c5
5.d3 h6
6.Nc3d5 d6
7.Nd5xf6  { time }
1-0

[Event "Tourn. n10260"]
[Site "www.echecsemail.com"]
[Date "2020.01.19"]
[Round "1"]
[White "Sorim"]
[Black "Claudia"]
[WhiteElo "2300"]
[BlackElo "2110"]
[Result "0-1"]
[Round "1"]
1.d4 d5
2.Ng1f3 Ng8f6
3.c4 e6
4.Bc1g5 Bf8e7
5.Nb1c3 O-O
6.e3 h6
7.Bg5h4 b6
8.Bf1d3 Bc8b7
9.O-O Nb8d7
10.Ra1c1 c5
11.Qd1e2 Ra8c8
12.Bh4g3 cxd4
13.Nf3xd4 Nd7c5
14.Bd3b1 dxc4
15.Qe2xc4 Nc5e4
16.Qc4d3 Ne4xc3
17.Rc1xc3 Rc8xc3
18.Qd3xc3 Qd8d5
19.f3 Rf8c8
20.Qc3d3 Qd5a5
21.Bg3e5 Qa5xe5
{ resign }
0-1

[Event "Tourn. n10241"]
[Site "www.echecsemail.com"]
[Date "2020.01.19"]
[Round "1"]
[White "Gvladutz"]
[Black "Tartan"]
[WhiteElo "2470"]
[BlackElo "2480"]
[Result "1-0"]
[Round "1"]
1.d4 Ng8f6
2.c4 e6
3.Nb1c3 Bf8b4
4.e3 O-O
5.Ng1e2 d5
6.a3 Bb4e7
7.Ne2g3 c5
8.dxc5 Nb8c6
9.b4 Nc6e5
10.cxd5 exd5
11.Bc1b2 Bc8g4
12.Qd1c2 a5
13.Nc3a4 Qd8c7
14.f3 Bg4e6
15.Na4b6 Ra8e8
16.Bf1e2 Ne5c6
17.Bb2c3 Nf6d7
18.Nb6xd7 Be6xd7
19.O-O b6
20.Qc2b2 f6
21.Qb2d2 axb4
22.Qd2xd5 Kh8
23.axb4 bxc5
24.bxc5 Re8d8
25.Ng3e4 Bd7e8
26.Ne4d6 Be7xd6
27.cxd6 Qc7xd6
28.Qd5xd6 Rd8xd6
29.Ra1a8 Rf8g8
30.Rf1a1 Be8f7
31.Ra8xg8 Bf7xg8
32.Ra1a6 Rd6e6
33.Be2c4 Re6d6
34.Bc4b5 Rd6d1
35.Kf2 Nc6e5
36.Bc3xe5 { resign }
1-0

[Event "Tourn. n10264"]
[Site "www.echecsemail.com"]
[Date "2020.01.19"]
[Round "1"]
[White "Amaya"]
[Black "Malbertan"]
[WhiteElo "2030"]
[BlackElo "2120"]
[Result "1-0"]
[Round "1"]
1.d4 c6
2.e3 d5
3.Bf1d3 Nb8d7
4.f4 Ng8f6
5.Ng1f3 e6
6.Nb1d2 c5
7.c3 Bf8e7
8.O-O O-O
9.Nf3e5 a6
10.Qd1f3 Qd8c7
11.g4 c4
12.Bd3c2 b5
13.g5 Nf6e8
14.Qf3h5 g6
15.Qh5h6 Ne8g7
16.Ne5xg6 fxg6
17.Bc2xg6 hxg6
18.Qh6xg6 Nd7f6
19.gxf6 Rf8xf6
20.Qg6c2 Qc7d7
21.Rf1f3 Qd7e8
22.Rf3g3 Kf7
23.Qc2h7 Qe8g8
24.Qh7c2 Bc8d7
25.Nd2f3 Ra8f8
26.Nf3e5 Ke8
27.Ne5xd7 Kxd7
28.e4 Qg8h7
29.Qc2g2 Rf8f7
30.exd5 Ng7f5
31.dxe6 Rf6xe6
32.Qg2b7 Ke8
33.Qb7c8 Be7d8
34.Qc8xe6 Rf7e7
35.Rg3g8 { resign }
1-0

[Event "Match"]
[Site "www.echecsemail.com"]
[Date "2020.01.20"]
[Round "1"]
[White "Liencam2"]
[Black "Silverking"]
[WhiteElo "2210"]
[BlackElo "2220"]
[Result "1-0"]
[Round "1"]
1.e4 e5
2.d4 exd4
3.c3 dxc3
4.Nb1xc3 d6
5.Bf1c4 Nb8c6
6.Ng1f3 Bc8e6
7.Bc4xe6 fxe6
8.Qd1b3 Qd8d7
9.Nf3g5 Nc6d4
10.Qb3xb7 Qd7c8
11.Qb7xc8 Ra8xc8
12.Kd1 Rc8b8
13.b3 h6
14.Ng5f3 e5
15.Bc1e3 c5
16.Nf3d2 g5
17.Nd2c4 Ng8f6
18.f3 Bf8e7
19.Kd2 Kd7
20.Rh1d1 Be7d8
21.Ra1c1 Rb8b4
22.Nc3e2 a5
23.Ke1 Rb4b7
24.Be3d2 Rb7a7
25.Ne2c3 Bd8c7
26.Nc4e3 Nf6h5
27.Ne3d5 Nh5f4
28.Bd2xf4 gxf4
29.Kf2 Bc7d8
30.g3 Rh8f8
31.Rd1d3 Kc6
32.Nc3e2 Nd4e6
33.gxf4 exf4
34.Rc1g1 Bd8h4
35.Kf1 Bh4g5
36.Rg1g2 Rf8b8
37.h4 Bg5xh4
38.Rg2g6 Ne6d4
39.Ne2xd4 cxd4
40.Rg6xh6 Bh4g3
41.Rd3xd4 Ra7f7
42.Nd5c3 Rb8d8
43.e5 Rf7d7
44.Rh6xd6 Rd7xd6
45.Rd4xd6 Rd8xd6
46.exd6 Bg3h4
47.Nc3e4 Bh4d8
48.Ke2 Kd5
49.Kd3 Bd8b6
50.a3 Bb6d8
51.b4 Bd8b6
52.Ne4d2 Bb6d8
53.bxa5 Bd8xa5
54.Nd2c4 Ba5d8
55.a4 Kc5
56.d7 Bd8c7
57.a5 Kb5
58.Kd4 Bc7d8
59.Nc4d6 { resign }
1-0

[Event "Match"]
[Site "www.echecsemail.com"]
[Date "2020.01.20"]
[Round "1"]
[White "Fereike"]
[Black "Fegatux"]
[WhiteElo "1720"]
[BlackElo "2230"]
[Result "0-1"]
[Round "1"]
1.b3 e5
2.Bc1b2 Nb8c6
3.g3 d5
4.Bf1g2 Ng8f6
5.d3 Bf8c5
6.e3 Bc8g4
7.Ng1e2 O-O
8.O-O Qd8d7
9.Nb1d2 Bg4h3
10.Nd2f3 Rf8e8
11.d4 Bh3xg2
12.Kxg2 e4
13.Nf3d2 Bc5f8
14.c4 h6
15.Ne2c3 Nc6e7
16.cxd5 Ne7xd5
17.Qd1c2 Qd7f5
18.Nc3xd5 Nf6xd5
19.a3 Bf8d6
20.Ra1c1 Qf5g6
21.Qc2c4 c6
22.b4 a6
23.Nd2b3 Qg6f5
24.Nb3c5 Qf5c8
25.Nc5b3 Qc8c7
26.Nb3c5 Kh7
27.a4 b5
28.Qc4b3 f5
29.a5 g5
30.Rc1c2 Qc7f7
31.Kg1 Re8g8
32.Qb3a3 h5
33.Nc5xe4 fxe4
34.Rc2xc6 Bd6xb4
35.Qa3a2 Bb4e7
{ resign }
0-1

[Event "Tourn. n10252"]
[Site "www.echecsemail.com"]
[Date "2020.01.20"]
[Round "1"]
[White "Picifarkinca"]
[Black "Cal"]
[WhiteElo "1800"]
[BlackElo "1750"]
[Result "1-0"]
[Round "1"]
1.e4 e5
2.f4 exf4
3.Ng1f3 d6
4.Bf1c4 h6
5.d4 Bc8g4
6.Bc1xf4 a6
7.O-O Ng8f6
8.Nb1c3 b5
9.Bc4d3 c6
10.Qd1e1 Bf8e7
11.Qe1g3 Qd8d7
12.Bf4d2 Nf6h5
13.Qg3e1 b4
14.Nc3a4 Qd7c7
15.Bd2xb4 O-O
16.c4 Nh5f4
17.Bd3c2 Nb8d7
18.Bb4a5 Qc7b7
19.Kh1 Nd7f6
20.Ba5c3 Bg4xf3
21.Rf1xf3 Qb7c7
22.Rf3xf4 Nf6h5
23.Rf4f5 g6
24.Rf5xh5 gxh5
25.Qe1g3 Be7g5
26.h4 Qc7e7
27.hxg5 hxg5
28.Ra1e1 f6
29.e5 dxe5
30.dxe5 Qe7c7
31.Qg3f3 g4
32.Qf3f5 Qc7g7
33.exf6 Qg7f7
34.Re1e7 Qf7xe7
35.Qf5g6 Kh8
36.fxe7 { resign }
1-0

[Event "Tourn. n10243"]
[Site "www.echecsemail.com"]
[Date "2020.01.20"]
[Round "1"]
[White "Jazzy"]
[Black "Tartan"]
[WhiteElo "2310"]
[BlackElo "2480"]
[Result "0-1"]
[Round "1"]
1.d4 Ng8f6
2.c4 e6
3.Ng1f3 d5
4.Nb1c3 c6
5.Bc1g5 Nb8d7
6.e3 Qd8a5
7.cxd5 Nf6xd5
8.Qd1d2 Nd5xc3
9.bxc3 Bf8d6
10.Bf1d3 b6
11.O-O Bc8a6
12.Bd3xa6 Qa5xa6
13.e4 h6
14.Bg5e3 O-O
15.Rf1d1 Rf8d8
16.e5 Bd6a3
17.Qd2c2 c5
18.d5 exd5
19.Rd1xd5 Nd7f8
20.Ra1d1 Rd8xd5
21.Rd1xd5 c4
22.Nf3d4 Qa6b7
23.Rd5b5 Ba3c5
24.Nd4f5 Qb7d7
25.Qc2b1 Ra8d8
26.h3 Nf8e6
27.Be3xc5 Ne6xc5
28.Nf5e3 Qd7d2
29.Qb1b2 Qd2e1
30.Kh2 Rd8d2
{ resign }
0-1

[Event "Tourn. n10268"]
[Site "www.echecsemail.com"]
[Date "2020.01.20"]
[Round "1"]
[White "Roque1"]
[Black "Cal"]
[WhiteElo "1850"]
[BlackElo "1700"]
[Result "1-0"]
[Round "1"]
1.e4 e5
2.Ng1f3 d6
3.Nb1c3 a6
4.Bf1e2 h6
5.O-O Bc8g4
6.d4 Bg4xf3
7.Be2xf3 exd4
8.Qd1xd4 Nb8c6
9.Qd4a4 b5
10.Qa4a3 d5
11.Qa3b3 Qd8d6
12.Nc3xd5 Nc6d4
13.Qb3c3 Nd4c6
14.Bc1f4 Qd6g6
15.Nd5xc7 Ke7
16.Qc3c5 Kf6
17.Qc5xc6 Ke7
18.Nc7d5 Kd8
19.Bf4c7 Kc8
20.Nd5b6 
1-0

[Event "1/128 Finale"]
[Site "www.chess-mail.com"]
[Date "2020.01.20"]
[Round "1"]
[White "Krystek23"]
[Black "Osopanda"]
[WhiteElo "2390"]
[BlackElo "1610"]
[Result "1-0"]
[Round "1"]
1.c4 c5
2.Nb1c3 Ng8f6
3.Ng1f3 d6
4.g3 Nb8c6
5.Bf1g2 e6
6.O-O Bf8e7
7.e3 O-O
8.d4 cxd4
9.exd4 a6
10.a3 Ra8b8
11.b4 b5
12.cxb5 axb5
13.Qd1e2 Qd8b6
14.Rf1d1 Bc8b7
15.Bc1e3 d5
16.Qe2xb5 Qb6xb5
17.Nc3xb5 Nf6e4
18.Nf3e5 Nc6xe5
19.dxe5 Bb7c6
20.Nb5d4 Bc6a4
21.Rd1e1 Rf8c8
22.Bg2xe4 dxe4
23.Ra1c1 g5
24.Rc1xc8 Rb8xc8
25.b5 Be7c5
26.Re1c1 f5
27.Nd4xe6 { resign }
1-0

[Event "Tourn. n10213"]
[Site "www.echecsemail.com"]
[Date "2020.01.21"]
[Round "1"]
[White "Numanoid"]
[Black "Jerome"]
[WhiteElo "2780"]
[BlackElo "2590"]
[Result "1/2-1/2"]
[Round "1"]
1.d4 f5
2.Bc1g5 g6
3.Nb1c3 Bf8g7
4.h4 Nb8c6
5.e3 d6
6.Qd1d2 h6
7.Bg5f4 a6
8.O-O-O e6
9.Kb1 Qd8e7
10.d5 Nc6b4
11.dxe6 Bc8xe6
12.Ng1f3 Ng8f6
13.Nf3d4 Be6f7
14.a3 Nb4c6
15.Bf1e2 Qe7d7
16.f3 O-O-O
17.Nd4xc6 Qd7xc6
18.g4 fxg4
19.fxg4 Nf6d7
20.Nc3d5 Rd8e8
21.Rh1f1 Bf7e6
22.c4 Nd7c5
23.Be2f3 Qc6d7
24.Qd2b4 g5
25.Nd5b6 cxb6
26.Bf4xd6 Bg7f8
27.Qb4xb6 Bf8xd6
28.Rd1xd6 Qd7c7
29.Bf3xb7 Kb8
30.Bb7d5 Qc7xb6
31.Rd6xb6 Ka7
32.Rb6c6 Be6xd5
33.cxd5 Nc5b7
34.hxg5 hxg5
35.Rf1f6 Re8xe3
36.Rc6xa6 Kb8
37.Rf6f5 { draw }
1/2-1/2

[Event "1/128 Finale"]
[Site "www.chess-mail.com"]
[Date "2020.01.21"]
[Round "1"]
[White "Bevittsmith"]
[Black "Aders1"]
[WhiteElo "2310"]
[BlackElo "2109"]
[Result "0-1"]
[Round "1"]
1.e4 g6
2.d4 Bf8g7
3.f4 d5
4.e5 h5
5.Ng1f3 Ng8h6
6.Bf1d3 Bc8f5
7.Bc1e3 e6
8.Bd3xf5 Nh6xf5
9.Be3f2 c6
10.Nb1d2 Nb8d7
11.Nd2b3 Bg7f8
12.Qd1d3 Bf8e7
13.O-O-O b5
14.h3 h4
15.Rd1g1 a5
16.g4 hxg3
17.Bf2xg3 a4
18.Nb3d2 Qd8b6
19.Bg3f2 c5
20.dxc5 Be7xc5
21.Bf2xc5 Nd7xc5
22.Qd3e2 b4
23.h4 b3
24.axb3 axb3
25.Nd2b1 bxc2
26.Qe2xc2 Nf5e3
{ resign }
0-1

[Event "Match"]
[Site "www.echecsemail.com"]
[Date "2020.01.22"]
[Round "1"]
[White "Ditto"]
[Black "Ff333"]
[WhiteElo "1830"]
[BlackElo "2060"]
[Result "1-0"]
[Round "1"]
1.d4 g6
2.c4 Bf8g7
3.Ng1f3 Ng8f6
4.Bc1g5 O-O
5.e3 Nf6e4
6.Bg5f4 c6
7.Bf1d3 d5
8.cxd5 cxd5
9.O-O Nb8c6
10.Nb1d2 Bc8f5
11.Nf3e1 Nc6b4
12.Nd2xe4 Nb4xd3
13.Ne1xd3 Bf5xe4
14.Nd3c5 Be4f5
15.Qd1b3 b6
16.Nc5a4 Ra8c8
17.Na4c3 Bf5d3
18.Rf1d1 Bd3c4
19.Qb3c2 b5
20.b3 b4
21.Nc3a4 Bc4b5
22.Qc2d2 Bb5xa4
23.bxa4 Qd8a5
24.Ra1b1 Rc8b8
25.Bf4xb8 Rf8xb8
26.Rb1b3 Qa5xa4
27.Rd1b1 a5
28.Qd2c2 Bg7h6
29.Qc2c7 Rb8e8
30.g3 e6
31.Kg2 Qa4xa2
32.Qc7c6 Re8f8
33.Qc6c7 Qa2a4
34.Qc7c2 Qa4d7
35.Qc2c5 Rf8a8
36.Rb1a1 Bh6f8
37.Qc5c1 a4
38.Rb3d3 b3
39.Rd3c3 Qd7b5
40.Qc1b2 Bf8b4
41.Rc3c1 a3
42.Qb2xb3 Ra8b8
43.Rc1b1 Qb5c4
44.Qb3xc4 dxc4
45.Ra1xa3 Bb4xa3
46.Rb1xb8 Kg7
47.Rb8c8 e5
48.dxe5 Ba3b2
49.Rc8xc4 Bb2xe5
50.f4 Be5f6
51.Kf3 h5
52.e4 Bf6b2
53.e5 Bb2a3
54.Rc4c6 Ba3b4
55.Rc6b6 Bb4c5
56.Rb6b7 Kf8
57.Ke4 Bc5g1
58.h3 Bg1f2
59.g4 hxg4
60.hxg4 Bf2h4
61.g5 Bh4f2
62.Kd5 Bf2e3
63.Ke4 Be3d2
64.Rb7d7 Ke8
65.Rd7xd2 { resign }
1-0

[Event "Match"]
[Site "www.echecsemail.com"]
[Date "2020.01.22"]
[Round "1"]
[White "Apdash"]
[Black "Szustan"]
[WhiteElo "2250"]
[BlackElo "2670"]
[Result "0-1"]
[Round "1"]
1.e4 e5
2.Ng1f3 Nb8c6
3.d4 exd4
4.Nf3xd4 Qd8f6
5.Nd4xc6 Bf8c5
6.Qd1f3 Qf6xf3
7.gxf3 dxc6
8.Bc1e3 Bc5xe3
9.fxe3 Ng8f6
10.e5 Nf6d5
11.Kf2 Bc8e6
12.c4 Nd5b6
13.b3 O-O-O
14.Bf1e2 Nb6d7
15.f4 f6
16.exf6 Nd7xf6
17.Nb1c3 Rd8d2
18.Ra1d1 Rd2c2
19.Rd1c1 Rc2xc3
20.Be2f3 Rc3xc1
21.Rh1xc1 Be6f5
22.Rc1e1 Nf6e4
23.Bf3xe4 Bf5xe4
24.Kg3 Rh8d8
25.Re1e2 Rd8d3
26.Kf2 Kd7
27.c5 Ke6
28.h3 Kd5
29.b4 Kc4
30.Re2b2 b5
31.cxb6 cxb6
32.Ke2 h6
33.a4 Kc3
{ resign }
0-1

[Event "Match"]
[Site "www.echecsemail.com"]
[Date "2020.01.22"]
[Round "1"]
[White "Guidom"]
[Black "Mb20"]
[WhiteElo "2070"]
[BlackElo "1809"]
[Result "1/2-1/2"]
[Round "1"]
1.e4 c5
2.Ng1f3 d6
3.d4 cxd4
4.Nf3xd4 Ng8f6
5.Nb1c3 a6
6.Bf1e2 e5
7.Nd4f3 Bc8e6
8.O-O Bf8e7
9.Bc1g5 Nb8d7
10.h3 O-O
11.Qd1d2 h6
12.Bg5e3 b5
13.a3 Ra8c8
14.Ra1d1 Qd8c7
15.Nc3d5 Nf6xd5
16.exd5 Be6f5
17.c3 Nd7f6
18.Nf3h4 Bf5h7
19.f4 Nf6e4
20.Qd2e1 Be7xh4
21.Qe1xh4 exf4
22.Qh4xf4 f5
23.Be3d4 Ne4f6
24.Be2d3 Nf6xd5
25.Qf4g3 f4
26.Bd3xh7 Kxh7
27.Qg3g4 Nd5e3
28.Bd4xe3 fxe3
29.Qg4e4 Kh8
30.Qe4xe3 Qc7c5
31.Qe3xc5 dxc5
32.Rf1xf8 Rc8xf8
33.Rd1d6 Rf8a8
34.Rd6c6 c4
35.Rc6c7 Kg8
36.Kf2 { draw }
1/2-1/2

[Event "Match"]
[Site "www.echecsemail.com"]
[Date "2020.01.22"]
[Round "1"]
[White "Roma753"]
[Black "Add"]
[WhiteElo "2120"]
[BlackElo "2110"]
[Result "1-0"]
[Round "1"]
1.Ng1f3 d5
2.c4 Ng8f6
3.cxd5 e6
4.dxe6 Bc8xe6
5.Nb1c3 Bf8c5
6.d4 Bc5b6
7.e4 c6
8.Bc1e3 Nf6g4
9.Be3g5 f6
10.Bg5f4 Nb8d7
11.h3 Ng4xf2
12.Kxf2 O-O
13.Bf4e3 f5
14.exf5 Rf8xf5
15.Bf1d3 Rf5f8
16.Rh1e1 Nd7f6
17.Kg1 h6
18.Be3xh6 Bb6xd4
19.Nf3xd4 Qd8xd4
20.Bh6e3 Qd4d7
21.Qd1c2 b6
22.Ra1d1 Qd7c8
23.Be3g5 b5
24.Bg5xf6 Rf8xf6
25.Nc3e4 Rf6h6
26.Ne4g5 a6
27.Re1xe6 Rh6xe6
28.Bd3h7 Kf8
29.Qc2f5 Re6f6
30.Qf5c5 { resign }
1-0

[Event "Tourn. n10250"]
[Site "www.echecsemail.com"]
[Date "2020.01.22"]
[Round "1"]
[White "Jerome"]
[Black "Rons"]
[WhiteElo "2890"]
[BlackElo "2590"]
[Result "1-0"]
[Round "1"]
1.e4 c5
2.Ng1f3 d6
3.d4 cxd4
4.Nf3xd4 Ng8f6
5.Nb1c3 a6
6.Bc1g5 e6
7.f4 Qd8b6
8.Qd1d2 Qb6xb2
9.Ra1b1 Qb2a3
10.e5 dxe5
11.fxe5 Nf6d7
12.Bf1e2 Bf8b4
13.Rb1b3 Qa3a5
14.O-O O-O
15.Bg5f4 Nd7c5
16.Bf4h6 Bb4xc3
17.Qd2g5 Bc3xd4
18.Kh1 g6
19.Rb3f3 Nc5d7
20.Bh6xf8 f5
21.Bf8h6 Nb8c6
22.Be2c4 Kh8
23.Bc4xe6 Qa5xe5
24.c3 Qe5xe6
25.cxd4 Qe6f7
26.Rf3e3 Nd7e5
27.Re3xe5 Bc8e6
28.Re5xe6 Qf7xe6
29.d5 Qe6e7
30.Qg5d2 Kg8
31.dxc6 bxc6
32.Rf1e1 Qe7f7
33.Qd2c3 Ra8c8
34.Re1e6 { resign }
1-0

[Event "Match"]
[Site "www.echecsemail.com"]
[Date "2020.01.22"]
[Round "1"]
[White "Karanas"]
[Black "Paco"]
[WhiteElo "1499"]
[BlackElo "1720"]
[Result "0-1"]
[Round "1"]
1.e4 e5
2.Ng1f3 Nb8c6
3.Nb1c3 Bf8c5
4.Nf3xe5 Qd8f6
5.Ne5f3 d6
6.Nc3d5 Qf6d8
 { time }
0-1